000 00448nam a2200133 4500
008 708 R741b
020 _a8489034990
082 _a708
_bR741b
100 _aRoig, Bernardí
_96581
245 _aBrazas bajo cenizas
260 _aMadrid
_bGeneralitat Valenciana
_bAjuntament de Palma
_bGovern Balear
_c1998
300 _a130 p.
_bill (col)
_c27 x 21 cm
650 _xarte contemporáneo
_xarte - exhibiciones
_xarte - simbolismo
_xarte - religión
_xEspaña
_96703
999 _c1625
_d1625